书目信息 |
| 题名: |
最新建筑装饰材料
|
|
| 作者: | 卫星 编著 | |
| 分册: | ||
| 出版信息: | 昆明 云南科学技术出版社 1998.05 |
|
| 页数: | 144页 | |
| 开本: | 16开 | |
| 丛书名: | ||
| 单 册: | ||
| 中图分类: | TU56 | |
| 科图分类: | ||
| 主题词: | 建筑材料:涂料 , 建筑材料:装饰材料 | |
| 电子资源: | ||
| ISBN: | 7-5416-0782-7 | |
| 000 | 00603nam0 2200205 45 | |
| 001 | 0006190898 | |
| 005 | 20000619084643.0 | |
| 010 | @a7-5416-0782-7@d78.00元 | |
| 100 | @a20000619d1998 km y0chiy0120 ea | |
| 101 | 0 | @achi |
| 105 | @a z 000yy | |
| 200 | 1 | @a最新建筑装饰材料@AZui Xin Jian Zhu Zhuang Shi Cai Liao@f卫星等编著@FWei Xing Deng Bian Zhu |
| 210 | @a昆明@c云南科学技术出版社@d1998.05 | |
| 215 | @a144页@d16开 | |
| 606 | 0 | @a建筑材料:涂料 |
| 606 | 0 | @a建筑材料:装饰材料 |
| 690 | @aTU56@v3 | |
| 701 | 0 | @a卫星@4编著 |
| 801 | @aCN@bPftUser@c20000619 | |
| 905 | @b161440-441@dTU56@eW.542@f2 | |
| 最新建筑装饰材料/卫星等编著.-昆明:云南科学技术出版社,1998.05 |
| 144页;16开 |
| ISBN 7-5416-0782-7:78.00元 |
| ● |
| 相关链接 |
|
|
|
正题名:最新建筑装饰材料
索取号:TU56/W.542
 
预约/预借
| 序号 | 登录号 | 条形码 | 馆藏地/架位号 | 状态 | 备注 |
| 1 | 161440 | 201614404 | 建筑库201/201建筑库 10排2列2层/ [索取号:TU56/W.542] | 在馆 | |
| 2 | 161441 | 201614413 | 建筑库201/201建筑库 10排2列2层/ [索取号:TU56/W.542] | 在馆 | |
| 3 | 164803 | 201648039 | 建筑库201/201建筑库 10排2列2层/ [索取号:TU56/W.542] | 在馆 | |
| 4 | 164804 | 201648048 | 建筑库201/201建筑库 10排2列2层/ [索取号:TU56/W.542] | 在馆 |